20 punktów Mentzena - Statystyki

Ogólne statystyki
  • Ten quiz został rozwiązany 10 razy
  • Średni wynik to 3 z 20
Statystyki odpowiedzi
Odpowiedź % Poprawnych
5. Niskie i proste podatki
67%
20. Koniec walki z kierowcami
44%
1. Suwerenność
44%
9. Odrzucenie Zielonego Ładu
33%
2. Silna armia
33%
3. Szczelne granice
22%
10. Bezpieczeństwo energetyczne
11%
12. Nie dla polskiego wojska na Ukrainie
11%
13. Nowoczesna infrastruktura
11%
15. Obrona gotówki
11%
7. Obrona wolności słowa
11%
4. Silna gospodarka
11%
19. Uwolnienie kryptowalut
11%
17. Lepsza edukacja
0%
11. Obrona polskiego rolnictwa
0%
14. Ograniczenie biurokracji
0%
16. Usprawnienie sądownictwa
0%
8. Wolność osobista
0%
18. Wydajna ochrona zdrowia
0%
6. Zatrzymanie lewicowej ideologii
0%
Nie znaleziono quizów pasujących do podanych kryteriów
Rozkład punktacji
Procent ludzi z każdym wynikiem
Percentyl według liczby udzielonych odpowiedzi
Twoja historia wyników
Nie rozwiązałeś tego quizu